000 00987cab a2200325 4500
001 ABS59022
008 090401t1998 xxu||||| |||| 00| 0 eng d
035 _a(Sirsi) u87631
041 _aeng
100 _aRoberts, S.
245 _aAnalysing the central London office market
260 _c1998
350 _a0
490 _aCSM
_bChartered Surveyor Monthly
_vJuly/August 1998, 22(1)
520 _aReview of the Henley Stewart Conference, analysing the central London office market. Comments on the fund perspective, occupiers` needs and the financial sector.
650 _aDEMAND
650 _aFINANCIAL SECTOR
650 _aINTERNAL RATE OF RETURN
650 _aInvestments
_96250
650 _aLEASES
650 _aLONDON
650 _aOCCUPIERS
650 _aOFFICE SECTOR
650 _aRENTAL GROWTH
650 _aRETURNS
650 _aSTAMP DUTY
690 _aPROPERTY-COMMERCIAL PROPERTY-COMMERCIAL PROPERTY MARKET
942 _n0
948 _c24/07/1998
999 _c55285
_d55285